al-Qur'an mukjizat yang terbesar nabi Muhammad s.a.w.

Bibliographic Details
Other Authors: Noraine Abu (Editor)
Format: Book
Published: Kuala Lumpur : Al-Hidayah Publishers , 1997
Subjects:

MARC

LEADER 00000cam a2200000 7i4500
001 0000008201
005 20210504093000.0
020 |a 9830990273 
090 0 0 |a BP130   |b .N6 1997 
100 0 |a Noraine Abu ,   |e editor 
245 1 3 |a al-Qur'an mukjizat yang terbesar nabi Muhammad s.a.w.   |c Noraine Abu 
260 2 |a Kuala Lumpur :   |b Al-Hidayah Publishers ,   |c 1997 
300 |a xi, 359 p. ;   |c 21 cm. 
630 0 0 |a Qur'an 
999 |a 1000072813   |b Book   |c OPEN SHELF (30 DAYS)   |e Gong Badak Campus